NTA UGC NET Commerce paper 2 (Record no. 116254)

MARC details
000 -LEADER
fixed length control field 00458 a2200169 4500
005 - DATE AND TIME OF LATEST TRANSACTION
control field 20260427120238.0
008 - FIXED-LENGTH DATA ELEMENTS--GENERAL INFORMATION
fixed length control field 260427b |||||||| |||| 00| 0 eng d
020 ## - INTERNATIONAL STANDARD BOOK NUMBER
International Standard Book Number 9789361594038
080 ## - UNIVERSAL DECIMAL CLASSIFICATION NUMBER
Universal Decimal Classification number (079.1):38
Item number MAD/N"2025" R
100 ## - MAIN ENTRY--PERSONAL NAME
Personal name Madaan,K. V. S.
245 ## - TITLE STATEMENT
Title NTA UGC NET Commerce paper 2
250 ## - EDITION STATEMENT
Edition statement 5th
260 ## - PUBLICATION, DISTRIBUTION, ETC. (IMPRINT)
Name of publisher, distributor, etc Pearson.
Place of publication, distribution, etc India.
Date of publication, distribution, etc 2025.
300 ## - PHYSICAL DESCRIPTION
Extent Various pagination
653 ## - INDEX TERM--UNCONTROLLED
Uncontrolled term Competitive examination guide-Commerce
942 ## - ADDED ENTRY ELEMENTS (KOHA)
item type Under processing
Holdings
Lost status Source of classification or shelving scheme Not for loan Home library Current library Date acquired Cost, normal purchase price Total Checkouts Full call number Barcode Date last seen Cost, replacement price Price effective from Koha item type Public note
  Universal Decimal Classification Not For Loan University Library University Library 26/03/2026 740.00   (079.1):38 MAD/N"2025" R 00098329 26/03/2026 925.00 26/03/2026 Reference processing
University Library, CUSAT